000 006550000a22001810004500
003 MACL
005 20160501131533.0
008 160501b xxu||||| |||| 00| 0 eng d
040 _aMACL
_cMACL
041 _aHindi
082 _a800 SAC
100 _aसच्चिदानन्‍दन
_954780
245 _aभारतीय साहित्‍य स्‍थापनाएॅ और प्रस्‍तावनाऍ
_cसच्चिदानन्‍दन
260 _bराजकमल प्रकाशन
_c2003
_aनई दिल्‍ली
350 _a160
650 _aLiterature
_954781
942 _cHIN
_k800/SAC/L
_2ddc
999 _c12677
_d12677